Normal view MARC view

Entry Nome pessoal

Number of records used in: 1

001 - NÚMERO DE CONTROLE

  • campo de controle: 436

003 - IDENTIFICADOR DO NÚMERO DE CONTROLE

  • campo de controle: Br

005 - DATA E HORÁRIO DA ÚLTIMA TRANSAÇÃO

  • campo de controle: 20250204145003.0

008 - CAMPO DE DADOS FIXOS

  • campo de controle de tamanho fixo: 971204n| acnnnaab| aaaa |d

035 ## - NÚMERO DE CONTROLE DO SISTEMA

  • Número de Controle do Sistema: 97120417420032E19

040 ## - FONTE DA CATALOGAÇÃO

  • Instituição da catalogação original: Br
  • Instituição que transcreveu o registro: Br

100 1# - CABEÇALHO--NOME PESSOAL

  • Nome pessoal: Faulkner, William,
  • Datas associadas ao nome: 1897-1962

400 1# - REMISSIVA VER--NOME PESSOAL

  • Nome pessoal: Falkner, William Cuthbert
  • Datas associadas ao nome: 1897-1962

670 ## - FONTE POSITIVA DOS DADOS

  • Citação da fonte positiva dos dados: Autor de: Santuário. 1976
  • Dados encontrados na fonte localizada no subcampo: (p. [5]: William Faulkner nasceu em 1897, no Mississipi. Em 1949 recebe o Prêmio Nobel de Literatura; faleceu em 1962)

670 ## - FONTE POSITIVA DOS DADOS

  • Citação da fonte positiva dos dados: Bristol, Brian. Por que amamos ler?... 2008
  • Dados encontrados na fonte localizada no subcampo: (p.104: D.; romancista americano)

670 ## - FONTE POSITIVA DOS DADOS

  • Citação da fonte positiva dos dados: http://authorities.loc.gov 23/8/10
  • Dados encontrados na fonte localizada no subcampo: (D.)

670 ## - FONTE POSITIVA DOS DADOS

  • Citação da fonte positiva dos dados: http://nobelprize.org/nobel_prizes/literature/laureates/1949/faulkner-bio.html
  • Dados encontrados na fonte localizada no subcampo: (D.)

670 ## - FONTE POSITIVA DOS DADOS

  • Citação da fonte positiva dos dados: http://en.wikipedia.org/wiki/William_Faulkner
  • Dados encontrados na fonte localizada no subcampo: (William Cuthbert Falkner nasceu no dia 25 de setembro de 1897 e faleceu no dia 6 de julho de 1962, foi um escritor americano)

Powered by Koha